01358nam a2200277 u 4500001001000000003000900010005001700019007000300036008004100039020001800080040002500098082000700123100004100130245015000171260003600321300002100357500007400378590002700452942001400479952011800493952011100611952011100722952011200833952011800945999001701063000046850DO-SdBNP20220504114349.0ta100809s2016 dr r 000 0 spa d a9789945085808 aDO-SdBNPbspacBNPHU 42221 aAdames, Frayla Esther,d1960-97479610aReflexiones del corazón :buna selección de poemas para la exaltación del alma, el éxito y la armonía familiar /cFrayla Esther Adames. aSanto Domingo :bBúho,c2016. a293 p. ;c23 cm. aIncluye datos biografícos de la autora en la solapa de la cubierta. aInventariado, 2018/ YL 2ddccLBS1 00102ddc56708DSaBNPHUbBNPHUcCTd2018-05-03eDepósito Legalp46850-30r2020-06-25te. 3w2020-06-25yLBS1 00102ddc56708DSaBNPHUbBNPHUcCTd2019-04-08eDonaciónp46850-40r2020-06-25te.4w2020-06-25yLBS1 00102ddc56708DSaBNPHUbBNPHUcCTd2019-04-08eDonaciónp46850-50r2020-06-25te.5w2020-06-25yLBS1 00102ddc53708PDaBNPHUbBNPHUcCTd2018-04-03eDepósito Legalp46850-10r2020-06-25w2020-06-25yLBS1 00102ddc53708PDaBNPHUbBNPHUcCTd2018-04-03eDepósito Legalp46850-20r2020-06-25te. 2w2020-06-25yLBS1 c46339d46339